000 00621nam a22002052 4500
001 0000018501
005 20151021151125.0
008 100202s xx 000 0 eng d
020 _a0199238897 :
040 _aKABU
_cKABU
100 1 _aO'Collins, Gerald.
_@0000149515
245 1 0 _aSalvation for all :
_bGod's other peoples /
_cGerald O'Collins.
250 _a1st ed.
260 _aOxford :
_bO. U. P.,
_c2008.
300 _axii, 279 p.
650 0 _aSalvation
_xBiblical teaching.
_@0000159108
852 1 _9p1948.70 KSH
908 _a100202
950 _@1
999 _c920
_d920